| 000 | 00368nam a22001337a 4500 | ||
|---|---|---|---|
| 082 |
_a940.4 _bMIL |
||
| 100 |
_aAspinall-Ogalander, C.F _949637 |
||
| 245 | _aMilitary operation Gallipoli Vol II | ||
| 260 |
_aLondon: _bWilliam Heinemann Ltd, _c1932 |
||
| 300 |
_axv, 517p,; _c19cm |
||
| 526 |
_a0 _b0 _c0 _d940_400000000000000_MIL |
||
| 650 |
_aMCE _9379 |
||
| 942 |
_2ddc _cBK |
||
| 999 |
_c552421 _d552421 |
||